00261nam a22000977a 4500082001700000100001800017245005400035260003900089300000700128490002800135 a541.3723 GRI aR.W.Grimsshaw aIOn- exchange Introduction to theory and practice aLondonbthe Chemical Societyc1975 a91 aMonographs for Teachers